[Event "EYCC 2024 - O08"]
[Site "?"]
[Date "2024.08.30"]
[Round "8.9"]
[White "Vo, Daniel"]
[Black "Li, Leon"]
[Result "1-0"]
[BlackElo "1648"]
[WhiteElo "1707"]
[LiveChessVersion "1.4.8"]

1. e4 {[%clk 1:30:57]} e5 {[%clk 1:30:26]} 2. Nf3 {[%clk 1:31:21]} Nc6
{[%clk 1:30:18]} 3. d4 {[%clk 1:31:47]} exd4 {[%clk 1:30:07]} 4. Bc4
{[%clk 1:30:00]} Nf6 {[%clk 1:29:43]} 5. e5 {[%clk 1:30:14]} d5 {[%clk 1:29:43]}
6. Bb5 {[%clk 1:30:40]} Ne4 {[%clk 1:29:29]} 7. Nxd4 {[%clk 1:30:37]} Bd7
{[%clk 1:29:28]} 8. Bxc6 {[%clk 1:27:48]} bxc6 {[%clk 1:28:48]} 9. O-O
{[%clk 1:27:37]} Bc5 {[%clk 1:26:47]} 10. Be3 {[%clk 1:25:39]} Bb6
{[%clk 1:26:47]} 11. f3 {[%clk 1:21:52]} Ng5 {[%clk 1:26:20]} 12. f4
{[%clk 1:22:09]} Ne4 {[%clk 1:25:16]} 13. Nd2 {[%clk 1:20:13]} Nxd2
{[%clk 1:22:07]} 14. Qxd2 {[%clk 1:20:35]} O-O {[%clk 1:21:26]} 15. Nb3
{[%clk 1:18:29]} Bxe3+ {[%clk 1:19:26]} 16. Qxe3 {[%clk 1:18:55]} Qe7
{[%clk 1:18:20]} 17. Nc5 {[%clk 1:14:16]} Be6 {[%clk 1:17:07]} 18. Qd4
{[%clk 1:10:38]} f5 {[%clk 1:14:26]} 19. b4 {[%clk 1:04:54]} Rab8
{[%clk 1:13:15]} 20. c3 {[%clk 1:03:03]} Rb5 {[%clk 1:11:28]} 21. a4
{[%clk 0:58:22]} Rbb8 {[%clk 1:11:04]} 22. a5 {[%clk 0:55:08]} Ra8
{[%clk 1:09:56]} 23. Rf2 {[%clk 0:54:22]} Rfb8 {[%clk 1:07:17]} 24. Raf1
{[%clk 0:52:29]} Kf7 {[%clk 1:06:51]} 25. g4 {[%clk 0:50:43]} g6 {[%clk 1:06:32]}
26. g5 {[%clk 0:41:57]} Rb5 {[%clk 1:04:03]} 27. Rd2 {[%clk 0:41:09]} Kg7
{[%clk 1:03:34]} 28. Qe3 {[%clk 0:38:47]} h5 {[%clk 1:00:53]} 29. Nb3
{[%clk 0:36:27]} Qd7 {[%clk 0:58:32]} 30. c4 {[%clk 0:31:14]} Rxb4
{[%clk 0:56:58]} 31. Nc5 {[%clk 0:27:45]} Qe7 {[%clk 0:55:52]} 32. Nxe6+
{[%clk 0:27:08]} Qxe6 {[%clk 0:55:40]} 33. cxd5 {[%clk 0:26:52]} cxd5
{[%clk 0:53:51]} 34. Qc5 {[%clk 0:27:04]} Rc4 {[%clk 0:52:39]} 35. Qxd5
{[%clk 0:25:54]} Qxd5 {[%clk 0:52:01]} 36. Rxd5 {[%clk 0:25:34]} Re8
{[%clk 0:50:10]} 37. Rf3 {[%clk 0:23:39]} Kf7 {[%clk 0:49:19]} 38. Rd7+
{[%clk 0:23:17]} Re7 {[%clk 0:49:29]} 39. Rd5 {[%clk 0:23:08]} Ke6
{[%clk 0:48:51]} 40. Rd8 {[%clk 0:23:09]} Ra4 {[%clk 0:45:54]} 41. Rf8
{[%clk 0:22:49]} Rd7 {[%clk 0:45:06]} 42. Rf6+ {[%clk 0:22:20]} Ke7
{[%clk 0:44:14]} 43. Rxg6 {[%clk 0:21:25]} Rxa5 {[%clk 0:43:44]} 44. Rg7+
{[%clk 0:20:56]} Ke6 {[%clk 0:43:50]} 45. Rxd7 {[%clk 0:21:19]} Kxd7
{[%clk 0:44:12]} 46. g6 {[%clk 0:21:36]} Ke7 {[%clk 0:43:37]} 47. Rc3
{[%clk 0:20:20]} c5 {[%clk 0:43:43]} 48. Rg3 {[%clk 0:19:57]} Kf8
{[%clk 0:43:36]} 49. e6 {[%clk 0:20:16]} Kg7 {[%clk 0:43:13]} 50. Re3
{[%clk 0:20:04]} Rb5 {[%clk 0:38:51]} 51. e7 {[%clk 0:20:23]} Rb8
{[%clk 0:38:51]} 52. e8=Q {[%clk 0:20:45]} Rxe8 {[%clk 0:39:00]} 53. Rxe8
{[%clk 0:21:09]} Kxg6 {[%clk 0:39:03]} 54. Rc8 {[%clk 0:21:30]} c4
{[%clk 0:38:15]} 55. Rxc4 {[%clk 0:21:54]} h4 {[%clk 0:38:35]} 56. h3
{[%clk 0:22:18]} Kf6 {[%clk 0:38:55]} 57. Ra4 {[%clk 0:22:41]} Ke6
{[%clk 0:39:19]} 58. Kf2 {[%clk 0:23:10]} Kd5 {[%clk 0:39:36]} 59. Rxa7
{[%clk 0:23:38]} Ke4 {[%clk 0:39:56]} 60. Ra4+ {[%clk 0:24:02]} Kd3
{[%clk 0:40:14]} 61. Kf3 {[%clk 0:24:30]} Kd2 {[%clk 0:40:27]} 62. Ra5
{[%clk 0:24:48]} Kd3 {[%clk 0:40:32]} 63. Rxf5 {[%clk 0:24:27]} Kd4
{[%clk 0:40:45]} 64. Rh5 {[%clk 0:24:42]} Kd3 {[%clk 0:40:54]} 65. Rxh4
{[%clk 0:25:05]} Kd4 {[%clk 0:40:50]} 66. Rh5 {[%clk 0:25:33]} Kc4
{[%clk 0:41:10]} 67. Ke4 {[%clk 0:25:56]} Kc3 {[%clk 0:41:34]} 68. Rd5
{[%clk 0:26:22]} Kc4 {[%clk 0:41:56]} 69. f5 {[%clk 0:26:45]} Kc3
{[%clk 0:42:19]} 70. Rd4 {[%clk 0:27:09]} Kc2 {[%clk 0:42:42]} 71. Rd3
{[%clk 0:27:32]} Kb2 {[%clk 0:43:06]} 72. f6 {[%clk 0:27:49]} Kc2
{[%clk 0:43:23]} 73. f7 {[%clk 0:28:15]} Kb2 {[%clk 0:43:31]} 74. f8=R
{[%clk 0:28:40]} Kc2 {[%clk 0:43:49]} 75. Rg3 {[%clk 0:29:00]} Kd2
{[%clk 0:43:48]} 76. Rf2+ {[%clk 0:29:17]} Ke1 {[%clk 0:44:12]} 77. Ke3
{[%clk 0:29:38]} Kd1 {[%clk 0:44:27]} 78. Rg1# {[%clk 0:30:03]} 1-0

[Event "EYCC 2024 - O08"]
[Site "?"]
[Date "2024.08.30"]
[Round "8.10"]
[White "Petrenko, Tymofii"]
[Black "Kucher, Artem"]
[Result "1/2-1/2"]
[BlackElo "1670"]
[WhiteElo "1696"]
[LiveChessVersion "1.4.8"]

1. e4 {[%clk 1:30:57]} c5 {[%clk 1:30:55]} 2. d4 {[%clk 1:30:23]} cxd4
{[%clk 1:31:17]} 3. c3 {[%clk 1:30:18]} Nf6 {[%clk 1:31:32]} 4. e5
{[%clk 1:30:15]} Nd5 {[%clk 1:31:57]} 5. Bc4 {[%clk 1:30:07]} Nb6
{[%clk 1:31:23]} 6. Bb3 {[%clk 1:30:09]} Nc6 7. cxd4 {[%clk 1:28:46]} g6
{[%clk 1:22:34]} 8. Nf3 {[%clk 1:28:26]} Bg7 {[%clk 1:22:55]} 9. O-O
{[%clk 1:27:22]} O-O {[%clk 1:18:07]} 10. Nc3 {[%clk 1:27:15]} d6
{[%clk 1:17:45]} 11. exd6 {[%clk 1:26:58]} Qxd6 {[%clk 1:12:18]} 12. Ne4
{[%clk 1:25:55]} Qd8 {[%clk 1:11:12]} 13. Be3 {[%clk 1:23:55]} Bg4
{[%clk 1:11:32]} 14. Neg5 {[%clk 1:24:05]} h6 15. Nxf7 {[%clk 1:21:26]} Rxf7
{[%clk 1:01:12]} 16. Bxf7+ {[%clk 1:21:19]} Kxf7 {[%clk 1:01:32]} 17. Ng5+
{[%clk 1:20:25]} hxg5 {[%clk 1:01:54]} 18. Qxg4 {[%clk 1:20:47]} Qd5
{[%clk 0:55:53]} 19. Rad1 {[%clk 1:20:34]} Bf6 {[%clk 0:49:30]} 20. f4
{[%clk 1:19:24]} gxf4 {[%clk 0:47:56]} 21. Qxf4 {[%clk 1:17:20]} Nc4
{[%clk 0:38:39]} 22. Kh1 {[%clk 1:11:11]} Rh8 {[%clk 0:29:18]} 23. Bg1
{[%clk 1:10:23]} Rh5 {[%clk 0:20:35]} 24. b3 {[%clk 1:07:50]} Nd6
{[%clk 0:19:41]} 25. Qd2 {[%clk 1:03:40]} Nf5 {[%clk 0:16:56]} 26. Rf3
{[%clk 1:01:03]} Rh7 {[%clk 0:09:56]} 27. a4 {[%clk 0:58:47]} Qd6
{[%clk 0:08:47]} 28. Qf2 {[%clk 0:55:15]} Rh4 {[%clk 0:03:01]} 29. Rxf5
{[%clk 0:50:20]} gxf5 {[%clk 0:03:11]} 30. Qxf5 {[%clk 0:49:09]} Nxd4
{[%clk 0:01:35]} 31. Qf2 {[%clk 0:47:14]} Re4 {[%clk 0:00:34]} 32. Qf1
{[%clk 0:46:52]} Kg7 {[%clk 0:00:35]} 33. Rd3 {[%clk 0:47:01]} Qa6
{[%clk 0:00:55]} 34. Rg3+ {[%clk 0:47:02]} Kf7 {[%clk 0:01:13]} 35. Qd1
{[%clk 0:46:56]} Qe2 {[%clk 0:01:30]} 36. Qc1 {[%clk 0:47:09]} Qe1
{[%clk 0:01:15]} 37. Qc8 {[%clk 0:47:22]} Bg7 {[%clk 0:01:08]} 38. Qc4+
{[%clk 0:45:23]} Ne6 39. Rf3+ {[%clk 0:44:51]} Bf6 {[%clk 0:01:19]} 40. Qd5
{[%clk 0:45:01]} Re5 {[%clk 0:00:39]} 41. Qd3 {[%clk 0:45:09]} Qe4
{[%clk 0:00:52]} 42. Qd2 {[%clk 0:45:12]} Ng5 {[%clk 0:01:10]} 43. Rf4
{[%clk 0:44:00]} Rd5 {[%clk 0:00:33]} 44. Qf2 {[%clk 0:43:20]} Qe5
{[%clk 0:00:34]} 45. Qh4 {[%clk 0:42:57]} Kg6 {[%clk 0:00:37]} 46. Rc4
{[%clk 0:42:40]} Qe6 {[%clk 0:00:32]} 47. Qf2 {[%clk 0:41:45]} Qf5
{[%clk 0:00:32]} 48. Rf4 {[%clk 0:41:35]} Qe5 {[%clk 0:00:46]} 49. Rc4
{[%clk 0:41:52]} Qf5 {[%clk 0:00:43]} 50. Rf4 {[%clk 0:42:07]} Qe5
{[%clk 0:00:33]} 51. Rc4 Qf5 52. Rf4 Qe5 53. Rc4 Qe6 54. Rf4 1/2-1/2

[Event "EYCC 2024 - O08"]
[Site "?"]
[Date "2024.08.30"]
[Round "8.11"]
[White "Zolotarev, Iaroslav"]
[Black "Badescu, Matei-Andrei"]
[Result "0-1"]
[BlackElo "1791"]
[WhiteElo "1569"]
[LiveChessVersion "1.4.8"]

1. d4 {[%clk 1:30:59]} d5 {[%clk 1:30:53]} 2. c4 {[%clk 1:31:23]} e6
{[%clk 1:31:12]} 3. Nc3 {[%clk 1:31:32]} Nf6 {[%clk 1:31:32]} 4. cxd5
{[%clk 1:31:49]} exd5 {[%clk 1:31:54]} 5. Bg5 {[%clk 1:32:03]} c6
{[%clk 1:32:12]} 6. e3 {[%clk 1:32:24]} Be7 {[%clk 1:32:29]} 7. Bd3
{[%clk 1:31:53]} O-O {[%clk 1:32:49]} 8. Qc2 {[%clk 1:31:36]} Nbd7
{[%clk 1:32:59]} 9. Nge2 {[%clk 1:30:42]} h6 {[%clk 1:32:57]} 10. Bh4
{[%clk 1:30:31]} Re8 {[%clk 1:32:52]} 11. O-O {[%clk 1:29:43]} Nf8
{[%clk 1:32:39]} 12. f3 {[%clk 1:25:45]} c5 {[%clk 1:32:43]} 13. Bf2
{[%clk 1:21:37]} g6 {[%clk 1:32:42]} 14. Rad1 {[%clk 1:13:19]} c4
{[%clk 1:31:55]} 15. Bxc4 {[%clk 1:07:54]} dxc4 {[%clk 1:32:13]} 16. e4
{[%clk 1:07:16]} Bb4 {[%clk 1:30:16]} 17. Nb5 {[%clk 1:02:18]} a6
{[%clk 1:29:42]} 18. Nbc3 {[%clk 0:59:50]} b5 {[%clk 1:29:08]} 19. f4
{[%clk 0:54:23]} Bxc3 {[%clk 1:28:53]} 20. Nxc3 {[%clk 0:49:42]} b4
{[%clk 1:26:42]} 21. e5 {[%clk 0:49:10]} bxc3 {[%clk 1:26:12]} 22. Bh4
{[%clk 0:44:42]} Bf5 {[%clk 1:26:24]} 23. Qe2 {[%clk 0:41:01]} c2
{[%clk 1:26:35]} 24. Rd2 {[%clk 0:40:20]} Qb6 {[%clk 1:26:58]} 25. Bxf6
{[%clk 0:38:19]} Qxf6 {[%clk 1:27:21]} 26. exf6 {[%clk 0:38:34]} Rxe2
{[%clk 1:27:45]} 27. Rxe2 {[%clk 0:38:51]} Bd3 {[%clk 1:28:13]} 28. Ree1
{[%clk 0:39:06]} Bxf1 {[%clk 1:28:34]} 29. Kxf1 {[%clk 0:39:27]} Rb8
{[%clk 1:28:57]} 30. b3 {[%clk 0:39:04]} cxb3 {[%clk 1:28:58]} 0-1

[Event "EYCC 2024 - O08"]
[Site "?"]
[Date "2024.08.30"]
[Round "8.12"]
[White "Donets, Tymur"]
[Black "Arsenijevic, Matija"]
[Result "0-1"]
[BlackElo "1760"]
[WhiteElo "1559"]
[LiveChessVersion "1.4.8"]

1. Nf3 {[%clk 1:30:57]} d5 {[%clk 1:30:45]} 2. g3 {[%clk 1:31:06]} c5
{[%clk 1:29:01]} 3. Bg2 {[%clk 1:29:54]} Nc6 {[%clk 1:27:30]} 4. d4
{[%clk 1:25:51]} Bf5 {[%clk 1:23:39]} 5. c3 {[%clk 1:22:00]} e6 {[%clk 1:20:44]}
6. O-O {[%clk 1:21:36]} h6 {[%clk 1:18:10]} 7. Be3 {[%clk 1:16:14]} cxd4
{[%clk 1:13:58]} 8. Nxd4 {[%clk 1:14:37]} Nxd4 {[%clk 1:11:41]} 9. Bxd4
{[%clk 1:12:41]} Nf6 {[%clk 1:04:17]} 10. Nd2 {[%clk 0:58:03]} Be7
{[%clk 1:01:42]} 11. Re1 {[%clk 0:56:55]} O-O {[%clk 0:58:58]} 12. e4
{[%clk 0:55:32]} Nxe4 {[%clk 0:56:38]} 13. Nxe4 {[%clk 0:55:10]} Bxe4
{[%clk 0:55:46]} 14. Bxe4 {[%clk 0:55:13]} dxe4 {[%clk 0:55:46]} 15. Rxe4
{[%clk 0:54:33]} Bf6 {[%clk 0:54:47]} 16. Bxf6 {[%clk 0:53:36]} Qxf6
{[%clk 0:54:45]} 17. Qe2 {[%clk 0:51:25]} Rfd8 {[%clk 0:53:35]} 18. Re3
{[%clk 0:49:45]} Rd6 {[%clk 0:52:08]} 19. Rd1 {[%clk 0:48:18]} Rad8
{[%clk 0:49:51]} 20. Red3 {[%clk 0:47:01]} Qe7 {[%clk 0:48:20]} 21. R1d2
{[%clk 0:45:40]} Rxd3 {[%clk 0:46:33]} 22. Rxd3 {[%clk 0:45:55]} Rxd3
{[%clk 0:46:37]} 23. Qxd3 {[%clk 0:46:15]} Qc7 {[%clk 0:46:03]} 24. Qd4
{[%clk 0:45:49]} a6 {[%clk 0:44:03]} 25. Kf1 {[%clk 0:45:08]} Kf8
{[%clk 0:41:44]} 26. Qb4+ {[%clk 0:45:02]} Ke8 {[%clk 0:40:48]} 27. Qa4+
{[%clk 0:43:26]} Qc6 {[%clk 0:40:03]} 28. Qxc6+ {[%clk 0:42:58]} bxc6
{[%clk 0:40:26]} 29. Ke2 {[%clk 0:43:06]} Kd7 {[%clk 0:40:05]} 30. Kd3
{[%clk 0:42:40]} Kd6 {[%clk 0:39:47]} 31. Kc4 {[%clk 0:41:59]} f5
{[%clk 0:36:47]} 32. f4 {[%clk 0:40:41]} e5 {[%clk 0:36:40]} 33. fxe5+
{[%clk 0:40:14]} Kxe5 {[%clk 0:37:03]} 34. Kc5 {[%clk 0:40:15]} g5
{[%clk 0:37:01]} 35. Kxc6 {[%clk 0:39:56]} f4 {[%clk 0:37:24]} 36. gxf4+
{[%clk 0:40:02]} gxf4 {[%clk 0:37:48]} 37. c4 {[%clk 0:40:25]} f3
{[%clk 0:37:53]} 38. c5 {[%clk 0:40:48]} f2 {[%clk 0:37:40]} 39. Kb7
{[%clk 0:40:57]} f1=Q {[%clk 0:37:48]} 40. c6 {[%clk 0:40:53]} Qb5+
{[%clk 0:38:12]} 41. Kc7 {[%clk 0:41:12]} Kd5 {[%clk 0:38:35]} 42. Kd7
{[%clk 0:41:25]} Qxc6+ {[%clk 0:38:58]} 43. Ke7 {[%clk 0:41:39]} Qe6+
{[%clk 0:39:05]} 44. Kd8 {[%clk 0:41:54]} Kc6 {[%clk 0:39:20]} 45. h4
{[%clk 0:42:04]} Qd7# 0-1